[Event "Titled Tuesday intern op 28th Mar Late"]
[Site "Chess.com INT"]
[Date "2023.03.28"]
[Round "4"]
[White "Khatena, Moshe"]
[Black "Mazurkiewicz, Michal"]
[Result "0-1"]
[WhiteElo "2063"]
[BlackElo "2145"]
[PlyCount "74"]
[EventDate "2023.03.28"]
[EventType "swiss (blitz)"]
[EventRounds "11"]
[EventCountry "USA"]
[SourceTitle "EXT 2024"]
[Source "ChessBase"]
[SourceDate "2023.10.10"]
[SourceVersion "1"]
[SourceVersionDate "2023.10.10"]
[SourceQuality "1"]

1. e4 d6 2. d4 Nf6 3. Nc3 c6 4. d5 cxd5 5. exd5 g6 6. g3 Bg7 7. Bg2 0-0 8. Nge2 a6 9. 0-0 b5 10. a3 Nbd7 11. Nd4 Bb7 12. Re1 Rc8 13. Bg5 h6 14. Bf4 Re8 15. Qd2 Kh7 16. Re2 Nb6 17. Nc6 Bxc6 18. dxc6 Nc4 19. Qc1 d5 20. b3 Nb6 21. c7 Qd7 22. Qd2 Nh5 23. Be3 d4 24. Rd1 e5 25. Qc1 Qxc7 26. Ne4 dxe3 27. Nd6 exf2+ 28. Rxf2 Rcd8 29. Nxe8 Rxe8 30. Rdf1 f5 31. g4 Nf4 32. gxf5 gxf5 33. Qe3 Rf8 34. Bf3 Nbd5 35. Qd2 e4 36. Bd1 e3 37. Rxf4 exd2 0-1

[Event "Titled Tuesday intern op 28th Mar Late"]
[Site "Chess.com INT"]
[Date "2023.03.28"]
[Round "9"]
[White "Khatena, Moshe"]
[Black "Ozalp, Burak"]
[Result "1-0"]
[WhiteElo "2063"]
[BlackElo "2206"]
[PlyCount "73"]
[EventDate "2023.03.28"]
[EventType "swiss (blitz)"]
[EventRounds "11"]
[EventCountry "USA"]
[SourceTitle "EXT 2024"]
[Source "ChessBase"]
[SourceDate "2023.10.10"]
[SourceVersion "1"]
[SourceVersionDate "2023.10.10"]
[SourceQuality "1"]

1. e4 e5 2. Bc4 Nf6 3. Nf3 Nc6 4. d3 h6 5. Nc3 Bc5 6. 0-0 d6 7. Ne2 Bg4 8. Ng3 Nd4 9. Be3 Nxf3+ 10. gxf3 Bh3 11. Re1 Qd7 12. d4 exd4 13. Bxd4 Bxd4 14. Qxd4 0-0 15. Rad1 Rad8 16. Qe3 Qa4 17. Bb3 Qa5 18. Qf4 Qe5 19. Qh4 Be6 20. c3 Kh7 21. Bxe6 fxe6 22. f4 Qb5 23. f5 Qxb2 24. Re2 Qxc3 25. fxe6 g5 26. Qh3 Qe5 27. Nf5 Ng8 28. e7 Nxe7 29. Qxh6+ Kg8 30. Qxg5+ Kf7 31. Qh5+ Ke6 32. Qh3 Rg8+ 33. Kh1 Kf6 34. f4 Qxf4 35. Rf1 Qg4 36. Nh6+ Ke6 37. Nxg4 1-0

[Event "Titled Tuesday intern op 21st Mar Late"]
[Site "Chess.com INT"]
[Date "2023.03.21"]
[Round "3"]
[White "Liu, Casper Yukun"]
[Black "Khatena, Moshe"]
[Result "1-0"]
[WhiteElo "2241"]
[BlackElo "2063"]
[PlyCount "37"]
[EventDate "2023.03.21"]
[EventType "swiss (blitz)"]
[EventRounds "11"]
[EventCountry "USA"]
[SourceTitle "EXT 2024"]
[Source "ChessBase"]
[SourceDate "2023.10.10"]
[SourceVersion "1"]
[SourceVersionDate "2023.10.10"]
[SourceQuality "1"]

1. d4 b5 2. a4 b4 3. e4 Bb7 4. Bd3 Nf6 5. Qe2 d6 6. a5 a6 7. Bd2 Nc6 8. Nf3 e5 9. d5 Nd4 10. Nxd4 exd4 11. Bxb4 Be7 12. 0-0 0-0 13. Nd2 c5 14. dxc6 Bxc6 15. Nf3 Rb8 16. Ba3 d5 17. Nxd4 dxe4 18. Nxc6 exd3 19. cxd3 1-0

[Event "Titled Tuesday intern op 21st Mar Late"]
[Site "Chess.com INT"]
[Date "2023.03.21"]
[Round "4"]
[White "Meunier Pion, Jean"]
[Black "Khatena, Moshe"]
[Result "1-0"]
[WhiteElo "2207"]
[BlackElo "2063"]
[PlyCount "111"]
[EventDate "2023.03.21"]
[EventType "swiss (blitz)"]
[EventRounds "11"]
[EventCountry "USA"]
[SourceTitle "EXT 2024"]
[Source "ChessBase"]
[SourceDate "2023.10.10"]
[SourceVersion "1"]
[SourceVersionDate "2023.10.10"]
[SourceQuality "1"]

1. e4 Nf6 2. e5 Nd5 3. d4 d6 4. Nf3 g6 5. Bc4 Nb6 6. Bb3 Bg7 7. e6 Bxe6 8. Bxe6 fxe6 9. h4 0-0 10. h5 Nc6 11. hxg6 hxg6 12. Qd3 Qe8 13. c3 Nd5 14. Ng5 Rf5 15. Qh3 Rxg5 16. Bxg5 Qf7 17. Nd2 Nf6 18. 0-0-0 e5 19. Bxf6 exf6 20. Qh7+ Kf8 21. dxe5 Nxe5 22. Kb1 Ke7 23. Qh3 Re8 24. f4 Nc6 25. Rde1+ Kd8 26. Re3 Rxe3 27. Qxe3 Qe7 28. Qxe7+ Kxe7 29. g4 f5 30. gxf5 gxf5 31. Nf1 Kf6 32. Ne3 Ne7 33. Kc2 c6 34. Kd3 d5 35. Rh5 Kg6 36. Rg5+ Kf6 37. Rh5 Kg6 38. Rh2 Bh6 39. Rg2+ Kf6 40. Rf2 c5 41. b3 b6 42. a4 a6 43. Ke2 d4 44. cxd4 cxd4 45. Nc4 b5 46. axb5 axb5 47. Na3 Nd5 48. Nxb5 Nxf4+ 49. Kd1 Ne6 50. Rh2 Be3 51. Ra2 Ke5 52. Na3 f4 53. Nc4+ Ke4 54. Nd6+ Kd3 55. b4 f3 56. Ra3# 1-0

[Event "Titled Tuesday intern op 14th Mar Late"]
[Site "Chess.com INT"]
[Date "2023.03.14"]
[Round "10"]
[White "Chan, Kim Yew"]
[Black "Khatena, Moshe"]
[Result "1-0"]
[WhiteElo "2350"]
[BlackElo "2063"]
[PlyCount "93"]
[EventDate "2023.03.14"]
[EventType "swiss (blitz)"]
[EventRounds "11"]
[EventCountry "USA"]
[SourceTitle "EXT 2024"]
[Source "ChessBase"]
[SourceDate "2023.10.10"]
[SourceVersion "1"]
[SourceVersionDate "2023.10.10"]
[SourceQuality "1"]

1. c4 b5 2. cxb5 Bb7 3. Nf3 g6 4. d4 Bg7 5. Nc3 Nf6 6. Bg5 0-0 7. e3 Ne4 8. Nxe4 Bxe4 9. Bd3 Bb7 10. 0-0 d6 11. a4 Nd7 12. b4 h6 13. Bh4 Qe8 14. a5 Rc8 15. Nd2 e5 16. dxe5 Nxe5 17. Be2 g5 18. Bg3 f5 19. Bxe5 Bxe5 20. Rc1 f4 21. Bf3 Bxf3 22. Qxf3 fxe3 23. Qxe3 Bf4 24. Qxe8 Rfxe8 25. Rcd1 Re2 26. Nf3 Rce8 27. g3 Be5 28. Rc1 Re7 29. Rfe1 Rxe1+ 30. Rxe1 Kf7 31. Kg2 Bc3 32. Rb1 Re4 33. Rc1 Rc4 34. Nd2 Rxb4 35. Rxc3 Rxb5 36. Rxc7+ Ke6 37. Rxa7 Rb2 38. Nf3 d5 39. Ra6+ Kf5 40. Rxh6 Ke4 41. Nxg5+ Kd3 42. Nf3 Ra2 43. a6 Kc3 44. Rc6+ Kb4 45. h4 Kb5 46. Rd6 Kc4 47. h5 1-0

[Event "Titled Tuesday intern op 14th Mar Late"]
[Site "Chess.com INT"]
[Date "2023.03.14"]
[Round "11"]
[White "Khatena, Moshe"]
[Black "Skaric, Djuro"]
[Result "0-1"]
[WhiteElo "2063"]
[BlackElo "2334"]
[PlyCount "66"]
[EventDate "2023.03.14"]
[EventType "swiss (blitz)"]
[EventRounds "11"]
[EventCountry "USA"]
[SourceTitle "EXT 2024"]
[Source "ChessBase"]
[SourceDate "2023.10.10"]
[SourceVersion "1"]
[SourceVersionDate "2023.10.10"]
[SourceQuality "1"]

1. g4 g6 2. Bg2 Bg7 3. d4 d6 4. e4 Nf6 5. g5 Nh5 6. Ne2 Nc6 7. d5 Ne5 8. 0-0 0-0 9. Nbc3 Nc4 10. b3 Nb6 11. Be3 e5 12. Qd2 f5 13. gxf6 Qxf6 14. a4 a6 15. a5 Nd7 16. b4 Nf4 17. f3 h5 18. Rae1 g5 19. Ng3 Nxg2 20. Kxg2 Qg6 21. Bxg5 Nf6 22. h4 Bd7 23. Kh2 Nh7 24. Be3 Rf7 25. Rg1 Qf6 26. Qe2 Qxh4+ 27. Kg2 Bh3+ 28. Kf2 Raf8 29. Rh1 Qg4 30. Nf5 Rxf5 31. exf5 Qh4+ 32. Kg1 Qg3+ 33. Qg2 Qxg2# 0-1

[Event "Titled Tuesday intern op 14th Mar Late"]
[Site "Chess.com INT"]
[Date "2023.03.14"]
[Round "2"]
[White "Mekhane, Adam"]
[Black "Khatena, Moshe"]
[Result "1-0"]
[WhiteElo "2280"]
[BlackElo "2063"]
[PlyCount "99"]
[EventDate "2023.03.14"]
[EventType "swiss (blitz)"]
[EventRounds "11"]
[EventCountry "USA"]
[SourceTitle "EXT 2024"]
[Source "ChessBase"]
[SourceDate "2023.10.10"]
[SourceVersion "1"]
[SourceVersionDate "2023.10.10"]
[SourceQuality "1"]

1. e4 Nf6 2. e5 Nd5 3. d4 d6 4. c4 Nb6 5. exd6 cxd6 6. Nc3 g6 7. Nf3 Bg7 8. Be2 0-0 9. 0-0 Bg4 10. b3 Nc6 11. Be3 d5 12. c5 Nc8 13. h3 Bxf3 14. Bxf3 e6 15. Qd2 N8e7 16. Nb5 Nf5 17. Bg4 Nxe3 18. fxe3 f5 19. Bf3 Bh6 20. Nd6 Rb8 21. b4 a6 22. a4 Qc7 23. b5 Nd8 24. Qd3 axb5 25. axb5 Nf7 26. Nxf7 Rxf7 27. Ra7 Qg3 28. b6 g5 29. Bh5 Rg7 30. Bd1 g4 31. Ra3 gxh3 32. Qe2 f4 33. Rf3 Qxg2+ 34. Qxg2 Rxg2+ 35. Kf1 fxe3 36. Rxh3 Rf2+ 37. Ke1 Bf4 38. Be2 Rf8 39. Rf3 Bg5 40. Rxf8+ Kxf8 41. Ra8+ Kg7 42. Rb8 Rh2 43. Rxb7+ Kf6 44. Rd7 Rh1+ 45. Bf1 Bh4+ 46. Ke2 Bf2 47. b7 e5 48. b8Q exd4 49. Qf8+ Ke6 50. Re7# 1-0

[Event "Titled Tuesday intern op 28th Feb Late"]
[Site "Chess.com INT"]
[Date "2023.02.28"]
[Round "7"]
[White "Lalanne, Pablo"]
[Black "Khatena, Moshe"]
[Result "1-0"]
[WhiteElo "2208"]
[BlackElo "2063"]
[PlyCount "85"]
[EventDate "2023.02.28"]
[EventType "swiss (blitz)"]
[EventRounds "11"]
[EventCountry "USA"]
[SourceTitle "CBM 213 Extra"]
[Source "ChessBase"]
[SourceDate "2023.05.31"]
[SourceVersion "1"]
[SourceVersionDate "2023.05.31"]
[SourceQuality "1"]

1. e4 g5 2. d4 Bg7 3. Bxg5 c5 4. Be3 Qb6 5. Nd2 cxd4 6. Nc4 Qb4+ 7. Bd2 Qc5 8. b4 Qc7 9. Nf3 b5 10. Na5 a6 11. Bd3 Nc6 12. Nxc6 Qxc6 13. 0-0 d6 14. Re1 e5 15. a4 Rb8 16. axb5 axb5 17. Ra5 Nf6 18. Qe2 Bd7 19. Rea1 0-0 20. Ra6 Rb6 21. Ra7 Be6 22. Ng5 Bc4 23. h3 h6 24. Nf3 Re8 25. Nh4 Be6 26. R1a5 Reb8 27. Qf3 d5 28. exd5 Bxd5 29. Qg3 Ne4 30. Bxe4 Bxe4 31. f3 Bxc2 32. Re7 R6b7 33. Rxb7 Qxb7 34. Bxh6 Bg6 35. Nxg6 fxg6 36. Qxg6 Qf7 37. Qd6 Rf8 38. Bxg7 Qxg7 39. Rxb5 d3 40. Qxd3 Qg6 41. Qxg6+ Kh8 42. Rxe5 Rg8 43. Rh5# 1-0

[Event "Titled Tuesday intern op 28th Feb Late"]
[Site "Chess.com INT"]
[Date "2023.02.28"]
[Round "5"]
[White "Yano, William Jorge Froes"]
[Black "Khatena, Moshe"]
[Result "1-0"]
[WhiteElo "2045"]
[BlackElo "2063"]
[PlyCount "85"]
[EventDate "2023.02.28"]
[EventType "swiss (blitz)"]
[EventRounds "11"]
[EventCountry "USA"]
[SourceTitle "CBM 213 Extra"]
[Source "ChessBase"]
[SourceDate "2023.05.31"]
[SourceVersion "1"]
[SourceVersionDate "2023.05.31"]
[SourceQuality "1"]

1. e4 Nf6 2. e5 Nd5 3. Nc3 Nb6 4. Nf3 d6 5. d4 g6 6. Bf4 Bg7 7. Qd2 Nc6 8. 0-0-0 0-0 9. Bh6 Bg4 10. Bxg7 Kxg7 11. Qg5 Bxf3 12. gxf3 f6 13. Qg3 fxe5 14. dxe5 Qe8 15. e6 Rf6 16. Bh3 Qf8 17. Bg4 Ne5 18. h4 Nxg4 19. fxg4 Rf3 20. Qg1 Qf4+ 21. Kb1 Qb4 22. a3 Qc4 23. h5 Rxc3 24. bxc3 Qxc3 25. Rd3 Qe5 26. hxg6 h6 27. Qh2 Qxh2 28. Rxh2 Rf8 29. Rdh3 Kxg6 30. Rxh6+ Kg5 31. Rh8 Rf3 32. Rg8+ Kf4 33. Rf8+ Ke4 34. Rxf3 Kxf3 35. g5 Nd5 36. g6 Nf6 37. g7 Kf4 38. Rh8 Ke5 39. g8Q Nxg8 40. Rxg8 Kxe6 41. Ra8 a6 42. Ra7 c5 43. Rxb7 1-0

[Event "Internet Section 14-A"]
[Site "Dos Hermanas"]
[Date "2003.03.14"]
[Round "8"]
[White "Timpani, Nicola"]
[Black "Khatena, Moshe"]
[Result "0-1"]
[WhiteElo "2120"]
[BlackElo "2195"]
[PlyCount "38"]
[EventDate "2003.03.14"]
[EventType "swiss (blitz)"]
[EventRounds "9"]
[EventCountry "ESP"]
[SourceTitle "EXT 2004"]
[Source "ChessBase"]
[SourceDate "2003.11.25"]
[SourceVersion "1"]
[SourceVersionDate "2003.11.25"]
[SourceQuality "1"]

1. d4 Nf6 2. Nf3 g6 3. Bg5 Ne4 4. Bf4 Bg7 5. Nbd2 Nf6 6. e4 0-0 7. c3 d6 8. Bc4 Nh5 9. Be3 e5 10. 0-0 Nc6 11. h3 h6 12. a4 Qf6 13. dxe5 dxe5 14. a5 a6 15. Re1 Nf4 16. Bd5 Ne7 17. Bxf4 Qxf4 18. Nf1 Nxd5 19. Qd4 exd4 0-1

[Event "Oz.com qual blitz"]
[Site "ICC INT"]
[Date "2000.03.05"]
[Round "9"]
[White "Glenne, Bjorn Erik"]
[Black "Khatena, Moshe"]
[Result "1/2-1/2"]
[WhiteElo "2250"]
[BlackElo "2195"]
[PlyCount "125"]
[EventDate "2000.03.05"]
[EventType "swiss (blitz)"]
[EventRounds "9"]
[EventCountry "USA"]
[SourceTitle "EXT 2001"]
[Source "ChessBase"]
[SourceDate "2000.11.22"]
[SourceVersion "1"]
[SourceVersionDate "2000.11.22"]
[SourceQuality "1"]

1. d4 Nf6 2. c4 g6 3. Nc3 Bg7 4. e4 0-0 5. f4 d6 6. Nf3 c5 7. Be2 cxd4 8. Nxd4 Nc6 9. Be3 Bd7 10. 0-0 e5 11. Ndb5 exf4 12. Bf2 Ne5 13. Qxd6 Bxb5 14. Qxe5 Bc6 15. Qxf4 Re8 16. Bh4 Qd4+ 17. Kh1 Nxe4 18. Qxf7+ Kh8 19. Nxe4 Bxe4 20. Bf2 Qxb2 21. Bf3 Rf8 22. Qe7 Rae8 23. Qd7 Bxf3 24. gxf3 Qa3 25. Bd4 Re7 26. Bxg7+ Rxg7 27. Qd5 b6 28. Rae1 Qxa2 29. Qd6 Rgf7 30. Re7 Qb2 31. Rxa7 Qe2 32. Qd4+ Kg8 33. Raa1 Rxf3 34. Qd5+ R3f7 35. Rxf7 Rxf7 36. Ra8+ Kg7 37. Qd4+ Kh6 38. Qh4+ Qh5 39. Qxh5+ Kxh5 40. Rb8 Rf6 41. Kg2 h6 42. Kg3 g5 43. Rc8 Rd6 44. c5 Rd3+ 45. Kg2 bxc5 46. Rxc5 Kh4 47. Rc6 h5 48. Rc4+ g4 49. Rc5 Rd2+ 50. Kg1 Rd3 51. Kg2 Rd2+ 52. Kg1 Ra2 53. Rb5 Rc2 54. Ra5 Rb2 55. Rc5 Rb3 56. Kg2 Rb2+ 57. Kg1 g3 58. hxg3+ Kxg3 59. Rc3+ Kg4 60. Rc4+ Kg3 61. Rc3+ Kg4 62. Rc4+ Kg3 63. Rc3+ 1/2-1/2

[Event "Oz.com qual blitz"]
[Site "ICC INT"]
[Date "2000.03.05"]
[Round "2"]
[White "Lugo, Blas"]
[Black "Khatena, Moshe"]
[Result "1-0"]
[WhiteElo "2415"]
[BlackElo "2195"]
[PlyCount "77"]
[EventDate "2000.03.05"]
[EventType "swiss (blitz)"]
[EventRounds "9"]
[EventCountry "USA"]
[SourceTitle "EXT 2001"]
[Source "ChessBase"]
[SourceDate "2000.11.22"]
[SourceVersion "1"]
[SourceVersionDate "2000.11.22"]
[SourceQuality "1"]

1. e4 Nf6 2. Nc3 d5 3. e5 Ne4 4. Nce2 f6 5. d3 Ng5 6. f4 Nf7 7. Nf3 Bg4 8. Ng3 e6 9. d4 f5 10. h3 Bxf3 11. Qxf3 c5 12. c3 Nc6 13. Be3 cxd4 14. cxd4 Qb6 15. Qf2 Bb4+ 16. Kd1 0-0 17. Bd3 Be7 18. Rc1 Nb4 19. Bb1 Rac8 20. a3 Rxc1+ 21. Bxc1 Nc6 22. Ne2 Rc8 23. g4 g6 24. gxf5 gxf5 25. Rg1+ Kh8 26. Qg3 Ng5 27. fxg5 Nxd4 28. Nxd4 Qxd4+ 29. Bd3 Bc5 30. Rg2 Qa4+ 31. Rc2 Bb6 32. Qf4 d4 33. g6 Rg8 34. Qh6 Rxg6 35. Qf8+ Rg8 36. Qf6+ Rg7 37. Bh6 Qd7 38. Rc8+ Qxc8 39. Qxg7# 1-0

[Event "World op 24th"]
[Site "Philadelphia"]
[Date "1996.??.??"]
[Round "?"]
[White "Kobas, Adnan"]
[Black "Khatena, Moshe"]
[Result "1-0"]
[WhiteElo "2290"]
[BlackElo "2255"]
[PlyCount "53"]
[EventDate "1996.06.29"]
[EventType "swiss"]
[EventRounds "9"]
[EventCountry "USA"]
[SourceTitle "EXT 2001"]
[Source "ChessBase"]
[SourceDate "2000.11.22"]
[SourceVersion "1"]
[SourceVersionDate "2000.11.22"]
[SourceQuality "1"]

1. e4 Nf6 2. e5 Nd5 3. c4 Nb6 4. b3 g6 5. Bb2 Bg7 6. Qf3 c5 7. a4 a5 8. d4 Qc7 9. Qe3 Ra6 10. dxc5 Na8 11. Nf3 0-0 12. Nc3 Nc6 13. Nd5 Qd8 14. 0-0-0 Nc7 15. h4 Ne6 16. h5 Nb4 17. Ng5 Nxg5 18. Qxg5 f6 19. exf6 Raxf6 20. Qg3 d6 21. hxg6 Bf5 22. Nxb4 axb4 23. Rxh7 Qe8 24. Bd3 Bxd3 25. Qxd3 dxc5 26. Qd5+ e6 27. Qxb7 1-0

[Event "World op 24th"]
[Site "Philadelphia"]
[Date "1996.??.??"]
[Round "?"]
[White "Thorhallsson, Throstur"]
[Black "Khatena, Moshe"]
[Result "1-0"]
[WhiteElo "2445"]
[BlackElo "2255"]
[PlyCount "51"]
[EventDate "1996.06.29"]
[EventType "swiss"]
[EventRounds "9"]
[EventCountry "USA"]
[SourceTitle "EXT 2001"]
[Source "ChessBase"]
[SourceDate "2000.11.22"]
[SourceVersion "1"]
[SourceVersionDate "2000.11.22"]
[SourceQuality "1"]

1. e4 Nf6 2. e5 Nd5 3. d4 d6 4. Nf3 g6 5. Bc4 Nb6 6. Bb3 Bg7 7. 0-0 0-0 8. Qe2 Nc6 9. Rd1 Na5 10. Bg5 Nxb3 11. axb3 h5 12. exd6 Qxd6 13. Bxe7 Re8 14. Bxd6 Rxe2 15. Nc3 Rxc2 16. Bxc7 Rxb2 17. Bxb6 Rxb3 18. Nd5 Be6 19. Nc7 Rc8 20. Nxe6 fxe6 21. Bxa7 Rc2 22. Rab1 Rcb2 23. Rxb2 Rxb2 24. Kf1 b5 25. Ne1 Kf7 26. Nd3 1-0

[Event "World op 23rd"]
[Site "Philadelphia"]
[Date "1995.??.??"]
[Round "1"]
[White "Fedorowicz, John P"]
[Black "Khatena, Moshe"]
[Result "1/2-1/2"]
[WhiteElo "2510"]
[BlackElo "2275"]
[PlyCount "103"]
[EventDate "1995.06.??"]
[EventType "swiss"]
[EventRounds "9"]
[EventCountry "USA"]
[SourceTitle "EXT 2000"]
[Source "ChessBase"]
[SourceDate "1999.11.16"]
[SourceVersion "1"]
[SourceVersionDate "1999.11.16"]
[SourceQuality "1"]

1. e4 Nf6 2. e5 Nd5 3. d4 d6 4. Nf3 g6 5. Bc4 Nb6 6. Bb3 Bg7 7. a4 a5 8. Qe2 dxe5 9. dxe5 Nc6 10. 0-0 Nd4 11. Nxd4 Qxd4 12. e6 Bxe6 13. Bxe6 fxe6 14. Qxe6 Qd6 15. Qe2 0-0 16. Nd2 Qc6 17. Qe4 Nd5 18. Nf3 Nb4 19. Qxc6 Nxc6 20. c3 Rfd8 21. Re1 Rd5 22. Kf1 Rad8 23. Be3 Ne5 24. Nxe5 Bxe5 25. g3 Kf7 26. Ke2 Bf6 27. h4 h5 28. Rac1 R8d7 29. Rc2 R7d6 30. Rb1 Rd3 31. Rd2 Rxd2+ 32. Bxd2 b6 33. Be3 Ke6 34. Rc1 Kd7 35. Kf3 Kc6 36. Ke4 Kd7 37. Bf4 Re6+ 38. Kd3 c6 39. b4 Be5 40. Be3 Bc7 41. Bd4 Rd6 42. Ke4 Re6+ 43. Kf3 Rd6 44. bxa5 bxa5 45. g4 Rd5 46. gxh5 gxh5 47. Ke4 Ke6 48. Rg1 Be5 49. Rg8 Bf6 50. Bxf6 exf6 51. Re8+ Kd7 52. Rh8 1/2-1/2

[Event "New York op"]
[Site "Newark"]
[Date "1995.??.??"]
[Round "?"]
[White "Ivanov, Alexander"]
[Black "Khatena, Moshe"]
[Result "0-1"]
[WhiteElo "2515"]
[BlackElo "2200"]
[PlyCount "63"]
[EventDate "1995.04.12"]
[EventType "swiss"]
[EventRounds "9"]
[EventCountry "USA"]
[SourceTitle "EXT 2002"]
[Source "ChessBase"]
[SourceDate "2001.11.25"]
[SourceVersion "1"]
[SourceVersionDate "2001.11.25"]
[SourceQuality "1"]

1. e4 Nf6 2. e5 Nd5 3. d4 d6 4. Nf3 g6 5. Bc4 Nb6 6. Bb3 Bg7 7. a4 a5 8. exd6 cxd6 9. 0-0 0-0 10. Re1 N8d7 11. Nc3 Nf6 12. h3 Bd7 13. Bf4 Rc8 14. Qd2 Nc4 15. Bxc4 Rxc4 16. Qe2 Rb4 17. b3 Re8 18. Qd2 Bc6 19. Na2 Bxf3 20. Nxb4 axb4 21. gxf3 Nd5 22. Bh6 e6 23. Bg5 Qa5 24. Qd3 Rc8 25. Qb5 Qc7 26. Red1 h6 27. Bh4 Nc3 28. Qxb4 Nxd1 29. Rxd1 Qxc2 30. Re1 Qc3 31. Qxc3 Rxc3 32. d5 0-1

[Event "World op 23rd"]
[Site "Philadelphia"]
[Date "1995.??.??"]
[Round "7"]
[White "Khatena, Moshe"]
[Black "Casella, Michael"]
[Result "0-1"]
[WhiteElo "2200"]
[BlackElo "2300"]
[PlyCount "42"]
[EventDate "1995.06.??"]
[EventType "swiss"]
[EventRounds "9"]
[EventCountry "USA"]
[SourceTitle "EXT 2000"]
[Source "ChessBase"]
[SourceDate "1999.11.16"]
[SourceVersion "1"]
[SourceVersionDate "1999.11.16"]
[SourceQuality "1"]

1. e4 c5 2. b3 e5 3. Bb2 Nc6 4. f4 exf4 5. Nf3 d6 6. Bb5 Bd7 7. 0-0 Nf6 8. Na3 Be7 9. Bxc6 Bxc6 10. e5 dxe5 11. Nxe5 Rc8 12. Nxc6 Rxc6 13. Rxf4 0-0 14. Nc4 Re6 15. Ne3 Bd6 16. Rf5 Rfe8 17. Qe2 Ne4 18. Qh5 R8e7 19. Nf1 c4 20. Re1 Bc5+ 21. Ne3 Qxd2 0-1

[Event "New York op"]
[Site "Newark"]
[Date "1995.??.??"]
[Round "?"]
[White "Khatena, Moshe"]
[Black "Mariano, Nelson"]
[Result "0-1"]
[WhiteElo "2200"]
[BlackElo "2510"]
[PlyCount "80"]
[EventDate "1995.04.12"]
[EventType "swiss"]
[EventRounds "9"]
[EventCountry "USA"]
[SourceTitle "EXT 2002"]
[Source "ChessBase"]
[SourceDate "2001.11.25"]
[SourceVersion "1"]
[SourceVersionDate "2001.11.25"]
[SourceQuality "1"]

1. e4 e6 2. d4 b6 3. Nf3 Bb7 4. Bd3 d6 5. 0-0 Nd7 6. Nbd2 g6 7. c3 Bg7 8. Qe2 e5 9. dxe5 dxe5 10. Bb5 c6 11. Ba4 Ngf6 12. Nc4 Qe7 13. Rd1 0-0 14. Nd6 Nc5 15. Nxb7 Nxa4 16. Qa6 Rfe8 17. Qxa4 Qxb7 18. Bg5 Nd7 19. Rd6 Rac8 20. Rad1 Nc5 21. Qc2 h6 22. Be3 Ne6 23. Qd2 Rcd8 24. Qe2 Nd4 25. R1xd4 exd4 26. Rxd8 Rxd8 27. Bxd4 c5 28. Bxg7 Kxg7 29. h3 Qd7 30. Qe3 Qa4 31. a3 Qb3 32. e5 Qc4 33. Kh2 Rd3 34. Qe2 Rxc3 35. Qd2 Rd3 36. Qe2 Rc3 37. Qd2 Rc2 38. Qd6 Qf4+ 39. Kh1 Rc1+ 40. Ng1 Qxf2 0-1

[Event "New York op"]
[Site "Newark"]
[Date "1995.??.??"]
[Round "?"]
[White "Khatena, Moshe"]
[Black "Shaked, Tal"]
[Result "1-0"]
[WhiteElo "2200"]
[BlackElo "2385"]
[PlyCount "63"]
[EventDate "1995.04.12"]
[EventType "swiss"]
[EventRounds "9"]
[EventCountry "USA"]
[SourceTitle "EXT 2002"]
[Source "ChessBase"]
[SourceDate "2001.11.25"]
[SourceVersion "1"]
[SourceVersionDate "2001.11.25"]
[SourceQuality "1"]

1. e4 c5 2. b3 Nc6 3. Bb2 d6 4. Bb5 Bd7 5. f4 Nf6 6. Qe2 a6 7. Bxc6 Bxc6 8. d3 e6 9. Nf3 Be7 10. 0-0 0-0 11. e5 Nd5 12. g3 b5 13. Nbd2 Nb6 14. exd6 Qxd6 15. Rae1 Ra7 16. Ne4 Qd5 17. c4 Qd8 18. Ne5 Be8 19. g4 f6 20. Nf3 Rd7 21. Nf2 Bf7 22. h4 Kh8 23. g5 Bh5 24. Qe3 Bxf3 25. Qxf3 fxg5 26. hxg5 Bxg5 27. Rxe6 Bxf4 28. Qg4 Rdf7 29. Nh3 Be3+ 30. Kg2 Qc8 31. Rxf7 Rxf7 32. Qe4 1-0

[Event "World op 23rd"]
[Site "Philadelphia"]
[Date "1995.??.??"]
[Round "6"]
[White "Mengarini, Ariel"]
[Black "Khatena, Moshe"]
[Result "0-1"]
[WhiteElo "2260"]
[BlackElo "2275"]
[PlyCount "60"]
[EventDate "1995.06.??"]
[EventType "swiss"]
[EventRounds "9"]
[EventCountry "USA"]
[SourceTitle "EXT 2000"]
[Source "ChessBase"]
[SourceDate "1999.11.16"]
[SourceVersion "1"]
[SourceVersionDate "1999.11.16"]
[SourceQuality "1"]

1. e4 Nf6 2. e5 Nd5 3. d4 d6 4. Bc4 Nb6 5. Bb3 dxe5 6. Qh5 e6 7. dxe5 a5 8. a4 Na6 9. Nf3 Nc5 10. 0-0 Nxb3 11. cxb3 Qd3 12. Nc3 Bd7 13. Rd1 Qg6 14. Qh3 0-0-0 15. Bg5 f6 16. Bf4 Be7 17. Rac1 f5 18. Nd4 Qf7 19. Qd3 Kb8 20. Ncb5 Bxb5 21. Qxb5 Rd5 22. Qe2 g5 23. Be3 f4 24. Qc2 Rc5 25. Qe4 fxe3 26. Qxe3 Nd5 27. Qe4 Rxc1 28. Rxc1 Qf4 29. Qxf4 Nxf4 30. g3 Rd8 0-1

[Event "St Martin op"]
[Site "St Martin"]
[Date "1993.??.??"]
[Round "8"]
[White "Jost, Claude"]
[Black "Khatena, Moshe"]
[Result "0-1"]
[WhiteElo "2340"]
[BlackElo "2200"]
[PlyCount "84"]
[EventDate "1993.05.??"]
[EventType "swiss"]
[EventRounds "9"]
[EventCountry "FRA"]
[SourceTitle "TD"]
[Source "ChessBase"]
[SourceDate "1994.03.01"]
[SourceVersion "1"]
[SourceVersionDate "1994.03.01"]
[SourceQuality "1"]

1. Nf3 Nf6 2. c4 d6 3. d4 g6 4. Nc3 Bg7 5. e4 0-0 6. Be3 Nbd7 7. Be2 e5 8. 0-0 Ng4 9. Bg5 f6 10. Bh4 c6 11. Qd2 Nh6 12. Rad1 Nf7 13. dxe5 dxe5 14. b4 Re8 15. c5 Nf8 16. Qc2 Qc7 17. h3 Be6 18. Bg3 Rad8 19. Qa4 a6 20. Qc2 Qe7 21. Na4 f5 22. Bh4 Bf6 23. Bxf6 Qxf6 24. Bc4 f4 25. Nb6 Kg7 26. Qc3 g5 27. Bxe6 Qxe6 28. Nc4 Ng6 29. Na5 Rd7 30. Rxd7 Qxd7 31. Rb1 h5 32. Nd2 g4 33. Nac4 f3 34. Ne3 Nf4 35. Kh2 fxg2 36. Nxg2 Nxh3 37. Qe3 Nfg5 38. Nh4 Rf8 39. Nf5+ Rxf5 40. exf5 Qxf5 41. Rf1 Nf3+ 42. Kh1 Nf4 0-1